ARRUPE JESUIT UNIVERSITY

CORONAVIRUS -STOP THE SPREAD - CLEAN,DISINFECT,COVER

The life of Christ as represented in art, (Record no. 120560)

MARC details
000 -LEADER
fixed length control field 00811cam a2200265I 4500
001 - CONTROL NUMBER
control field 4662167
003 - CONTROL NUMBER IDENTIFIER
control field ARRUPE
005 - DATE AND TIME OF LATEST TRANSACTION
control field 20140521131939.0
008 - FIXED-LENGTH DATA ELEMENTS--GENERAL INFORMATION
fixed length control field 801103r1900uuuunyu 000 0 eng
010 ## - LIBRARY OF CONGRESS CONTROL NUMBER
LC control number 04011700
035 ## - SYSTEM CONTROL NUMBER
System control number (OCoLC)ocm06894387
035 ## - SYSTEM CONTROL NUMBER
System control number (NNC)4662167
040 ## - CATALOGING SOURCE
Original cataloging agency DLC
Transcribing agency PGC
Modifying agency OCL
098 ## - OTHER CLASSIFICATION SCHEMES (OCLC)
Call number based on other classification scheme YF70
300 ## - PHYSICAL DESCRIPTION
Other physical details front., illus., 22 pl.
Dimensions 22 cm.
100 1# - MAIN ENTRY--PERSONAL NAME
Personal name Farrar, F. W.
Fuller form of name (Frederic William),
Dates associated with a name 1831-1903.
9 (RLIN) 10434
245 14 - TITLE STATEMENT
Title The life of Christ as represented in art,
Statement of responsibility, etc by Frederic W. Farrar.
260 ## - PUBLICATION, DISTRIBUTION, ETC. (IMPRINT)
Name of publisher, distributor, etc Adam and Charles Black;
Place of publication, distribution, etc London,
Date of publication, distribution, etc 1900.
300 ## - PHYSICAL DESCRIPTION
Extent 3 p. ., v-xix, 507 p.
500 ## - GENERAL NOTE
General note First published in 1894.
504 ## - BIBLIOGRAPHY, ETC. NOTE
Bibliography, etc "Authorities": p. 491-496.
600 04 - SUBJECT ADDED ENTRY--PERSONAL NAME
Personal name Jesus Christ
General subdivision Art.
9 (RLIN) 10435
600 04 - SUBJECT ADDED ENTRY--PERSONAL NAME
Personal name Jesus Christ.
9 (RLIN) 10436
942 ## - ADDED ENTRY ELEMENTS (KOHA)
Source of classification or shelving scheme Library of Congress Classification
Koha item type Monograph ( Printed materials)
Holdings
Withdrawn status Lost status Source of classification or shelving scheme Damaged status Not for loan Collection code Home library Current library Shelving location Date acquired Total Checkouts Full call number Barcode Date last seen Price effective from Koha item type
    Library of Congress Classification     Main Collection ARRUPE LIBRARY ARRUPE LIBRARY Main Collection 21/05/2014   N8050.F25 1894 46500000711 03/07/2018 21/05/2014 Monograph ( Printed materials)

 

Arrupe Library. PO Box MP320 Mt Pleasant, Harare, Zimbabwe
263 242 745411|librarian@aju.ac.zw